000 00949nam a2200241Ia 4500
003 Ost
005 20260507074911.0
008 260507s9999||||xx |||||||||||||| ||und||
020 _a9957181173
040 _cfsecg
041 _aara
082 _a332.12
100 _aالصيرفي، محمد عبد الفتاح
_eمؤلف
245 0 _aإدارة البنوك /
_c محمد عبد الفتاح الصيرفي
260 _aعمان:
_bدار المناهج للنشر والتوزيع,
_c2006
300 _a305 صفحة؛
_bإيضاحات ؛
_c25 سم
504 _aببليوغرافيا: ص.301
520 _aماهية البنوك ووظائفه وأهدافه، التخطيط لأنشطة البنوك، تنظيم البنوك التجارية، الرقابة على أنشطة البنوك
653 _aالإقتصاد المالي
653 _aالبنوك
653 _aالبنوك التجارية
942 _cكتاب
999 _c41743
_d41743